Villes des Aventuriers du Rail Scandinavie - Statistiques

Statistiques générales
  • Ce quiz a été pris 10 fois
  • Le résultat moyen est 18 sur 39
Statistiques - réponses
Hint Réponse % Correct
Helsinki
100%
Århus
88%
Bergen
88%
København
88%
Oslo
88%
Tampere
88%
Danemark Ålborg
75%
Stockholm
75%
Tromsø
75%
Göteborg
63%
Oulu
63%
Finlande Rovaniemi
63%
Estonie Tallinn
63%
Trondheim
63%
Narvik
50%
Turku
50%
Kirkenes
38%
Suède Kiruna
38%
Stavanger
38%
Tornio
38%
Vaasa
38%
Åndalsnes
25%
Boden
25%
Norvège Honningsvåg
25%
Imatra
25%
Karlskrona
25%
Kristiansand
25%
Lahti
25%
Lieksa
25%
Lillehammer
25%
Mø i Rana
25%
Russie Mourmansk
25%
Norrköping
25%
Örebro
25%
Östersund
25%
Sundsvall
25%
Umeå
25%
Kajaani
13%
Kuopio
13%
Aucun quiz correspondant
Distribution des résultats
% des personnes avec chaque résultat
Percentile par nombre de réponses
Votre historique - résultats
Vous n’avez pas pris ce quiz